Vista normal
Vista MARC
Entrada Topical Term
Número de registros utilizados en: 2
001 - CONTROL NUMBER
- control field: 41894
003 - CONTROL NUMBER IDENTIFIER
- control field: OSt
005 - DATE AND TIME OF LATEST TRANSACTION
- control field: 20220117105442.0
008 - FIXED-LENGTH DATA ELEMENTS
- fixed length control field: 220117|| aca||aabn | a|a d
040 ## - CATALOGING SOURCE
- Original cataloging agency: OSt
- Transcribing agency: OSt
150 ## - HEADING--TOPICAL TERM
- Topical term or geographic name entry element: Periodistas colombianos.
- Chronological subdivision: siglo XX
670 ## - SOURCE DATA FOUND
- Source citation: Work cat.: (OSt)15665: Abad Faciolince, Héctor, autor 41883, El olvido que seremos / , 2016.